书目信息 |
| 题名: |
汉隶礼器碑
|
|
| 作者: | 武鄂 编 | |
| 分册: | ||
| 出版信息: | 武汉 崇文书局 2018 |
|
| 页数: | 69页 | |
| 开本: | 35cm | |
| 丛书名: | 名家墨宝选粹临帖放大本 | |
| 单 册: | ||
| 中图分类: | J292.22 | |
| 科图分类: | ||
| 主题词: | 隶书--li shu--碑帖--中国--东汉时代 | |
| 电子资源: | ||
| ISBN: | 978-7-5403-5173-1 | |
| 000 | 01131nam 2200265 450 | |
| 001 | 012001012477 | |
| 005 | 20131116003534.0 | |
| 010 | @a978-7-5403-5173-1@dCNY28.00 | |
| 099 | @aCAL 012019056190 | |
| 100 | @a20181211d2018 em y0chiy50 ea | |
| 101 | 0 | @achi |
| 102 | @aCN@b420000 | |
| 105 | @ah z 000yy | |
| 106 | @ar | |
| 200 | 1 | @a汉隶礼器碑@Ahan li li qi bei@f武鄂编 |
| 210 | @a武汉@c崇文书局@d2018 | |
| 215 | @a69页@c摹真@d35cm | |
| 225 | 2 | @a名家墨宝选粹临帖放大本@Aming jia mo bao xuan cui lin tie fang da ben |
| 330 | @a《礼器碑》全称《汉鲁相韩敕造孔庙礼器碑》, 是我国东汉重要碑刻之一。碑文记述鲁相韩敕修饰孔庙、增置各种礼器、吏民共同捐资立石以颂其德事。碑文字迹清劲秀雅, 有一种肃穆而超然的神采。书风细劲雄健, 端严而俊逸, 方整秀丽兼而有之。碑之后半部及碑阴是其最精彩部分, 艺术价值极高, 一向被认为是汉碑中经典之作。本书据原碑拓本放大制作, 不失原刻神韵, 是广大学法爱好者临习汉隶的范本。 | |
| 410 | 0 | @12001 @a名家墨宝选粹临帖放大本 |
| 606 | 0 | @a隶书@Ali shu@x碑帖@y中国@z东汉时代 |
| 690 | @aJ292.22@v5 | |
| 701 | 0 | @a武鄂@Awu e@4编 |
| 801 | 0 | @aCN@b上海新华@c20191020 |
| 905 | @b1179390-3@dJ292.22@e648@f4 | |
| 汉隶礼器碑/武鄂编.-武汉:崇文书局,2018 |
| 69页:摹真;35cm.-(名家墨宝选粹临帖放大本) |
| ISBN 978-7-5403-5173-1:CNY28.00 |
| 《礼器碑》全称《汉鲁相韩敕造孔庙礼器碑》, 是我国东汉重要碑刻之一。碑文记述鲁相韩敕修饰孔庙、增置各种礼器、吏民共同捐资立石以颂其德事。碑文字迹清劲秀雅, 有一种肃穆而超然的神采。书风细劲雄健, 端严而俊逸, 方整秀丽兼而有之。碑之后半部及碑阴是其最精彩部分, 艺术价值极高, 一向被认为是汉碑中经典之作。本书据原碑拓本放大制作, 不失原刻神韵, 是广大学法爱好者临习汉隶的范本。 |
| ● |
| 相关链接 |
|
|
|
|
正题名:汉隶礼器碑
索取号:J292.22/648
 
预约/预借
| 序号 | 登录号 | 条形码 | 馆藏地/架位号 | 状态 | 备注 |
| 1 | 1179390 | 211793905 | 第一样本阅览室/ [索取号:J292.22/648] | 在馆 | |
| 2 | 1179391 | 211793914 | 第一借阅区/ [索取号:J292.22/648] | 在馆 | |
| 3 | 1179392 | 211793923 | 第一借阅区/ [索取号:J292.22/648] | 在馆 | |
| 4 | 1179393 | 211793932 | 第一借阅区/ [索取号:J292.22/648] | 在馆 |